000 00647nam a2200277Ia 4500
005 20260121124553.0
008 008 260114s9999 xx 000 0 eng d
020 _a9780691183886
037 _aEBOOK
040 _aCRL
040 _beng
040 _cCRL
041 _2eng
041 _aeng
084 _qCRL
100 _aBrennan, Jason
_9978242
245 0 _aWhen All Else Fails
260 _bWalter de Gruyter
260 _bWalter de Gruyter
260 _c2019
650 _aPhilosophy
_9978243
856 _uhttp://www.degruyter.com/isbn/9780691183886
942 _cEBOOK
999 _c1555581
_d1555581